| 000 | 00710ngm a22003010a 4500 | ||
|---|---|---|---|
| 001 | PT19326 | ||
| 003 | AR-LpoUNG | ||
| 005 | 20210202000300.0 | ||
| 007 | vd cvaizq | ||
| 008 | 191001s1991||||ag |||||||||||||||||spa d | ||
| 037 | _c$18.30 | ||
| 040 |
_aAR-LpoUNG _bspa _cAR-LpoUNG _eaacr |
||
| 041 | _aspa | ||
| 044 | _aag | ||
| 082 | 0 | _a982.065 363bes | |
| 100 | 1 |
_aMignona, Eduardo _edir. |
|
| 245 | 1 | 3 | _aEl beso del olvido |
| 260 |
_aBuenos Aires : _bs.e. _c1991. |
||
| 300 | _aVHS : son., col. | ||
| 520 | _adictadura y memoria. | ||
| 650 | 4 | _aARGENTINA | |
| 650 | 4 | _aDICTADURA | |
| 650 | 4 | _aGOBIERNO MILITAR | |
| 651 | 4 | _aArgentina | |
| 653 | _aVIDEOS | ||
| 905 | _a19326 | ||
| 942 | _cVIDEO | ||
| 999 |
_c54519 _d54519 |
||